[Event "XXVI Miedzynarodowy Festiwal Szachowy w Poznaniu - OPEN A"]
[Site "Poznan"]
[Date "2018-08-21"]
[Round "4.52"]
[White "Lakowski, Filip"]
[Black "Trochimowicz, Bartosz"]
[Result "0-1"]
[WhiteTitle ""]
[BlackTitle ""]
[WhiteElo "1210"]
[BlackElo "1302"]

1. e4 c5 2. c3 d6 3. d4 cxd4 4. cxd4 Nf6 5. Nc3 Nc6 6. Nf3 Qc7 7. Be2 g6 8. O-O
Bg7 9. h3 O-O 10. Be3 Bd7 11. Qd2 a6 12. Rac1 Rac8 13. Rfd1 Rfd8 14. Bd3 Qb8 15.
Bh6 Bh8 16. Ne2 b5 17. d5 Ne5 18. Nxe5 dxe5 19. Qa5 Qd6 20. Bd2 Ne8 21. Bb4 Qf6
22. Qa3 Nd6 23. Nc3 Ra8 24. Ba5 Rdc8 25. Rd2 h5 26. Bb1 Nc4 27. Qb3 Nxa5 0-1

[Event "XXVI Miedzynarodowy Festiwal Szachowy w Poznaniu - OPEN A"]
[Site "Poznan"]
[Date "2018-08-22"]
[Round "5.1"]
[White "Koziak, Vitali "]
[Black "Kulon, Klaudia "]
[Result "1-0"]
[WhiteTitle ""]
[BlackTitle ""]
[WhiteElo "2476"]
[BlackElo "2355"]

1. d4 Nf6 2. c4 g6 3. Nc3 Bg7 4. e4 d6 5. Be2 O-O 6. Bg5 h6 7. Be3 e5 8. d5 a5
9. Qd2 Kh7 10. h4 c6 11. h5 g5 12. f3 cxd5 13. cxd5 Bd7 14. g4 Na6 15. Bb5 Nc5
16. Nge2 Bxb5 17. Nxb5 Qd7 18. Bxc5 dxc5 19. a4 Rfc8 20. Rc1 Ne8 21. Rc4 Bf8 22.
Kf2 Ra6 23. Kg2 Nc7 24. Nxc7 Rxc7 25. Nc3 Bd6 26. Nb5 Rc8 27. Rhc1 Raa8 28. R1c3
b6 29. Rb3 Rab8 30. Na3 Rb7 31. Rb5 Rcb8 32. Nc2 Kg7 33. Ne3 Kh7 34. Rc2 Kg7 35.
Nc4 Kh7 36. Rc3 Kg7 37. Rcb3 Qc7 38. Kf1 Kh7 39. Qc2 Kg7 40. Ke2 Kh7 41. Rd3 Qd7
42. Na3 Kg7 43. Nc4 Kh7 44. Kd1 Kg7 45. Kc1 Kh7 46. Kb1 Kg7 47. Ne3 Kh7 48. Qc4
Qd8 49. Ka2 Qd7 50. Nc2 Kg7 51. Na3 Kf8 52. Rbb3 Ke7 53. Rb5 Kf8 54. Nc2 Kg7 55.
Rc3 Kf8 56. Qb3 Qc7 57. Ne3 Kg8 58. Qc4 Kh7 59. Rbb3 Qd8 60. Qb5 Rc7 61. Nc4 Rcc8
62. Qa6 Bc7 63. d6 Bxd6 64. Rd3 Rc6 65. Nxa5 Rc7 66. Rxb6 Ra8 67. Qb5 Rxa5 68.
Qxa5 Rc6 69. Ra6 1-0

[Event "XXVI Miedzynarodowy Festiwal Szachowy w Poznaniu - OPEN A"]
[Site "Poznan"]
[Date "2018-08-22"]
[Round "5.2"]
[White "Chojnacki, Krzysztof "]
[Black "Sieciechowicz, Marcin"]
[Result "1/2-1/2"]
[WhiteTitle ""]
[BlackTitle ""]
[WhiteElo "2352"]
[BlackElo "2424"]

1. d4 Nf6 2. c4 g6 3. Nc3 d5 4. cxd5 Nxd5 5. e4 Nxc3 6. bxc3 Bg7 7. Nf3 c5 8. Be3
Bg4 9. Rc1 Qa5 10. Qd2 O-O 11. d5 Bxf3 12. gxf3 c4 13. h4 h5 14. Bh6 Nd7 15. Bxg7
Kxg7 16. Bxc4 Rac8 17. Be2 Rc5 18. c4 Rfc8 19. Qxa5 Rxa5 20. Rc2 b5 21. Kd2 bxc4
22. Bxc4 Ne5 23. Bb3 Nxf3+ 24. Ke3 Rxc2 25. Bxc2 Rxa2 26. Kxf3 Rxc2 27. Ra1 Rc7
28. Ra6 Kf8 29. Ke3 Ke8 30. Kd4 Kd7 1/2-1/2

[Event "XXVI Miedzynarodowy Festiwal Szachowy w Poznaniu - OPEN A"]
[Site "Poznan"]
[Date "2018-08-22"]
[Round "5.3"]
[White "Urban, Klaudiusz "]
[Black "Plichta, Kamil "]
[Result "1-0"]
[WhiteTitle ""]
[BlackTitle ""]
[WhiteElo "2424"]
[BlackElo "2337"]

1. d4 Nf6 2. c4 g6 3. Nc3 Bg7 4. e4 O-O 5. Be2 d6 6. Bg5 c5 7. dxc5 Qa5 8. Bd2
Qxc5 9. Nf3 Bg4 10. O-O Nbd7 11. b3 a6 12. Rc1 Rfc8 13. h3 Bxf3 14. Bxf3 Rab8
15. Re1 Qa5 16. Nd5 Qd8 17. a4 Ne5 18. Bf4 Nxf3+ 19. Qxf3 Nxd5 20. exd5 b6 21.
Re2 Rb7 22. Qd3 b5 23. cxb5 Rxc1+ 24. Bxc1 axb5 25. axb5 Qa5 26. Bd2 Qxb5 27.
Rxe7 f5 28. Qe3 Be5 29. Rxe5 dxe5 30. Qxe5 Qd7 31. Bc3 Kf7 32. Qg7+ Ke8 33. Qg8+
Ke7 34. Be5 Qe8 35. Qxh7+ Qf7 36. Qh4+ Ke8 37. Qc4 Qd7 38. d6 Kf8 39. Qh4 Rxb3
40. Qh8+ Kf7 41. Qf6+ Kg8 42. Qxg6+ Kf8 43. Bf4 1-0

[Event "XXVI Miedzynarodowy Festiwal Szachowy w Poznaniu - OPEN A"]
[Site "Poznan"]
[Date "2018-08-22"]
[Round "5.4"]
[White "Zakrzewski, Marek"]
[Black "Bajerlein, Dawid "]
[Result "1-0"]
[WhiteTitle ""]
[BlackTitle ""]
[WhiteElo "2333"]
[BlackElo "2062"]

1. c4 Nf6 2. g3 g6 3. Bg2 Bg7 4. Nc3 O-O 5. Nf3 d6 6. O-O e5 7. d3 Nc6 8. Rb1 a5
9. a3 h6 10. b4 axb4 11. axb4 Be6 12. b5 Ne7 13. Bb2 Qd7 14. Re1 Bh3 15. Bh1 Ng4
16. Qb3 Kh7 17. Ra1 Rab8 18. Nd5 f5 19. Nd2 f4 20. Ne4 fxg3 21. hxg3 Nxd5 22.
cxd5 Qf5 23. f3 Nf6 24. Rac1 Qd7 25. Nf2 g5 26. Qc4 Bf5 27. e4 Bg6 28. Qxc7 Qxb5
29. Rb1 Qd7 30. Rec1 Rfc8 31. Qb6 g4 32. Ba3 Rxc1+ 33. Rxc1 Ne8 34. Nxg4 h5 35.
Nf2 Bh6 36. Rb1 Bg5 37. Bc1 Bd8 38. Qa7 Rc8 39. Be3 Rc2 40. Rxb7 Bc7 41. Bg2 Qg7
42. Qa4 Rc3 43. Qb4 Rc2 44. Qb3 Re2 45. Nd1 Bf7 46. Kf1 Qxg3 47. Bf2 Qh2 48. Kxe2
Qxg2 49. Rxc7 Nxc7 50. Qb7 Qg5 51. Qxc7 Qf6 52. Ne3 Kh8 53. Nf5 h4 54. Bxh4 Qg6
55. Qxd6 Qg2+ 56. Bf2 Kg8 57. Qd8+ Kh7 58. Qh4+ 1-0

[Event "XXVI Miedzynarodowy Festiwal Szachowy w Poznaniu - OPEN A"]
[Site "Poznan"]
[Date "2018-08-22"]
[Round "5.5"]
[White "Schmidt, Wlodzimierz "]
[Black "Huchwajda, Lukasz"]
[Result "1-0"]
[WhiteTitle ""]
[BlackTitle ""]
[WhiteElo "2258"]
[BlackElo "1945"]

1. d4 d5 2. c4 dxc4 3. e3 Nf6 4. Bxc4 e6 5. Nf3 c5 6. O-O a6 7. Nc3 b5 8. Bb3 Bb7
9. e4 c4 10. Bc2 b4 11. e5 bxc3 12. exf6 cxb2 13. fxg7 Bxg7 14. Bxb2 Nd7 15. Rb1
Qa5 16. Bc3 Qd5 17. Re1 O-O 18. Be4 Qxe4 19. Rxe4 Bxe4 20. Rb4 Bd5 21. Qa4 Nf6
22. Nd2 Rfc8 23. f3 Bc6 24. Qa5 Bb5 25. a4 Nd5 26. axb5 axb5 27. Qxb5 Nxc3 28.
Qg5 Ne2+ 29. Kf2 c3 30. Kxe2 Ra2 31. Rc4 Rxd2+ 32. Qxd2 Rxc4 33. Qf4 e5 34. Qg5
f6 35. Qf5 Kf7 36. Qd7+ Kg6 37. dxe5 c2 38. Qd3+ 1-0

[Event "XXVI Miedzynarodowy Festiwal Szachowy w Poznaniu - OPEN A"]
[Site "Poznan"]
[Date "2018-08-22"]
[Round "5.6"]
[White "Jaroch, Karol"]
[Black "Khamitskiy, Sergei "]
[Result "1/2-1/2"]
[WhiteTitle ""]
[BlackTitle ""]
[WhiteElo "2222"]
[BlackElo "2233"]

1. c4 e6 2. Nf3 f5 3. g3 b6 4. Bg2 Bb7 5. O-O Nf6 6. b3 Be7 7. Bb2 O-O 8. d3 a5
9. Nbd2 Na6 10. a3 Qe8 11. Qc2 Qh5 12. Rae1 Nc5 13. Qc3 d6 14. e4 fxe4 15. dxe4
e5 16. Nh4 1/2-1/2

[Event "XXVI Miedzynarodowy Festiwal Szachowy w Poznaniu - OPEN A"]
[Site "Poznan"]
[Date "2018-08-22"]
[Round "5.7"]
[White "Zadymov, Ihor"]
[Black "Malyovanyi, Yulian "]
[Result "0-1"]
[WhiteTitle ""]
[BlackTitle ""]
[WhiteElo "2102"]
[BlackElo "2188"]

1. e4 c5 2. Nf3 e6 3. d3 Nc6 4. g3 g6 5. Bg2 Bg7 6. O-O Nge7 7. c3 d6 8. Be3 e5
9. h3 O-O 10. d4 b6 11. Qd2 Qc7 12. a4 Na5 13. Qd1 Ba6 14. Re1 Nc4 15. Bc1 exd4
16. cxd4 Nc6 17. dxc5 dxc5 18. Nc3 Nb4 19. Nd5 Nxd5 20. exd5 Rad8 21. Ra2 Bb7
22. Bf4 Qc8 23. d6 Qd7 24. b3 Nxd6 25. Rd2 Bxf3 26. Qxf3 Bd4 27. Rde2 Nf5 28.
Qc6 Qxc6 29. Bxc6 Bc3 30. Rc1 Nd4 31. Ra2 Nxc6 32. Rxc3 Rfe8 33. Kg2 f6 34. Be3
Nb4 35. Rd2 Rxd2 36. Bxd2 Re2 37. Bh6 Kf7 38. Kf3 Rb2 39. Be3 Nc6 40. Ke4 Ke6
41. Rd3 Na5 42. Rd8 Rxb3 43. Re8+ Kd7 44. Rh8 Nc6 45. Rxh7+ Ke6 46. Rc7 Rb4+ 47.
Kd3 Ne5+ 48. Kc3 Rxa4 49. Kb3 Rb4+ 50. Kc3 a5 51. f4 Nc4 52. Bc1 Nd6 53. Rg7 Ne4+
54. Kd3 Nxg3 55. Rxg6 c4+ 56. Kc2 Ne4 57. h4 Rb5 58. Be3 Rb3 59. Bd4 b5 60. h5
Rh3 0-1

[Event "XXVI Miedzynarodowy Festiwal Szachowy w Poznaniu - OPEN A"]
[Site "Poznan"]
[Date "2018-08-22"]
[Round "5.8"]
[White "Orzechowski, Jacek "]
[Black "Kozlowski, Tomasz"]
[Result "1-0"]
[WhiteTitle ""]
[BlackTitle ""]
[WhiteElo "2131"]
[BlackElo "1858"]

1. c4 c5 2. g3 g6 3. Bg2 Bg7 4. Nc3 Nc6 5. Nf3 h5 6. a3 d6 7. Rb1 Bg4 8. h3 Bd7
9. d3 Rb8 10. Bd2 Nd4 11. b4 Nf6 12. bxc5 dxc5 13. Ne5 O-O 14. Nxd7 Qxd7 15. Bf4
e5 16. Bxe5 Ne4 17. Nxe4 Bxe5 18. O-O b6 19. Nc3 h4 20. g4 f5 21. e3 Nc6 22. Bxc6
Qxc6 23. Nd5 Rb7 24. f4 Bh8 25. Qf3 Qd7 26. Rf2 Kh7 27. Rg2 Rbb8 28. Kh1 b5 29.
gxf5 Qxf5 30. e4 Qd7 31. Rbg1 Qe6 32. Rxg6 Qxg6 33. Rxg6 Kxg6 34. Qg4+ Kh7 35.
f5 Bg7 36. Qg6+ Kh8 37. f6 Rb7 38. Qh5+ Kg8 39. Ne7+ Rxe7 40. fxe7 1-0

[Event "XXVI Miedzynarodowy Festiwal Szachowy w Poznaniu - OPEN A"]
[Site "Poznan"]
[Date "2018-08-22"]
[Round "5.9"]
[White "Garbowski, Jakub "]
[Black "Rozumek, Krzysztof "]
[Result "1-0"]
[WhiteTitle ""]
[BlackTitle ""]
[WhiteElo "2129"]
[BlackElo "1848"]

1. e4 c6 2. d4 d5 3. Nd2 dxe4 4. Nxe4 Nd7 5. Nf3 Ngf6 6. Ng3 g6 7. Bd3 Bg7 8. Bg5
O-O 9. Qd2 Re8 10. O-O-O b5 11. h4 h5 12. Bh6 Nh7 13. Bxg7 Kxg7 14. Qc3 Ndf6 15.
Ng5 Qd5 16. Kb1 a5 17. Rde1 b4 18. Qd2 Ba6 19. Bxa6 Rxa6 20. Re5 Qxg2 21. Qe2
Ra7 22. Nh3 Ng4 23. Nf4 Qxf2 24. Nfxh5+ gxh5 25. Nxh5+ Kh8 26. Qxg4 Rg8 27. Rg5
Raa8 28. Nf4 Raf8 29. Nd3 f5 30. Rxg8+ 1-0

[Event "XXVI Miedzynarodowy Festiwal Szachowy w Poznaniu - OPEN A"]
[Site "Poznan"]
[Date "2018-08-22"]
[Round "5.10"]
[White "Kus, Aleksander"]
[Black "Raczynski, Krzysztof "]
[Result "1/2-1/2"]
[WhiteTitle ""]
[BlackTitle ""]
[WhiteElo "1844"]
[BlackElo "2111"]

1. e4 d6 2. d4 Nf6 3. Nc3 e5 4. Nf3 Nbd7 5. Bc4 Be7 6. O-O O-O 7. a4 c6 8. a5 Rb8
9. Re1 b5 10. axb6 axb6 11. h3 b5 12. Bf1 Bb7 13. Bg5 h6 14. Bh4 Qc7 15. Bg3 Rfe8
16. Nb1 Bf8 17. Nbd2 Ra8 18. c3 g6 19. Bd3 Bg7 20. Qb3 Nh5 21. Rxa8 Rxa8 22. Bh2
Nb6 23. dxe5 dxe5 24. c4 Na4 25. cxb5 Nc5 26. Qc2 Nxd3 27. Qxd3 cxb5 28. Qxb5
Nf4 29. Bxf4 exf4 30. e5 Qc6 31. Qxc6 Bxc6 32. Rc1 1/2-1/2

[Event "XXVI Miedzynarodowy Festiwal Szachowy w Poznaniu - OPEN A"]
[Site "Poznan"]
[Date "2018-08-22"]
[Round "5.11"]
[White "Nowak, Mikolaj "]
[Black "Kacprzak, Kacper "]
[Result "1-0"]
[WhiteTitle ""]
[BlackTitle ""]
[WhiteElo "2101"]
[BlackElo "1768"]

1. d4 Nf6 2. c4 c5 3. d5 b5 4. cxb5 a6 5. bxa6 Bxa6 6. Nc3 d6 7. g3 g6 8. Bg2 Bg7
9. Nf3 O-O 10. O-O Nbd7 11. Rb1 Qa5 12. Bd2 Rfb8 13. Qc2 Ng4 14. a4 Nde5 15. Nxe5
Nxe5 16. b3 c4 17. b4 Rxb4 18. Na2 c3 19. Nxb4 cxd2 20. Nxa6 Qxa6 21. Qxd2 Qxa4
22. Rb4 Qa7 23. Rfb1 Bf6 24. Rb7 Qc5 25. Rb8+ Rxb8 26. Rxb8+ Kg7 27. Rb1 Nc4 28.
Qb4 Na3 29. Rb3 Nc2 30. Qd2 Nd4 31. Rb1 Nb5 32. e3 Nc3 33. Rf1 Qc4 34. h3 h5 35.
h4 Ne4 36. Bxe4 Qxe4 37. f3 Qe5 38. Kf2 Qf5 39. Kg2 Qe5 40. e4 e6 41. Rd1 Be7
42. Qd4 Qxd4 43. Rxd4 e5 44. Ra4 f5 45. Ra7 Kf6 46. Kh3 fxe4 47. fxe4 Kf7 48.
g4 hxg4+ 49. Kxg4 Kf6 50. h5 gxh5+ 51. Kxh5 Bf8 52. Rd7 Be7 53. Rxe7 1-0

[Event "XXVI Miedzynarodowy Festiwal Szachowy w Poznaniu - OPEN A"]
[Site "Poznan"]
[Date "2018-08-22"]
[Round "5.12"]
[White "Vesely, Vitek"]
[Black "Lisiecki, Robert "]
[Result "1-0"]
[WhiteTitle ""]
[BlackTitle ""]
[WhiteElo "2081"]
[BlackElo "1759"]

1. d4 Nf6 2. c4 g6 3. Nc3 Bg7 4. Nf3 d6 5. Bg5 O-O 6. e3 b6 7. Bd3 c5 8. d5 Nbd7
9. O-O h6 10. Bh4 g5 11. Bg3 Nh5 12. Nd2 Nxg3 13. hxg3 Ne5 14. Be2 g4 15. f4 gxf3
16. gxf3 e6 17. f4 Ng6 18. dxe6 fxe6 19. Bf3 Rb8 20. Nde4 Bxc3 21. Nxc3 Ne7 22.
Qd3 Bb7 23. Rad1 Nf5 24. Kf2 a6 25. Rh1 Qf6 26. Rdg1 Bxf3 27. Kxf3 Ne7 28. Ne4
Qxb2 29. Qxd6 Nf5 30. Qxe6+ Rf7 31. Rg2 Qg7 32. g4 Ne7 33. Nd6 Rbf8 34. Nxf7 Rxf7
35. Qxh6 Qc3 36. Qe6 b5 37. Rgh2 1-0

[Event "XXVI Miedzynarodowy Festiwal Szachowy w Poznaniu - OPEN A"]
[Site "Poznan"]
[Date "2018-08-22"]
[Round "5.13"]
[White "Stachowiak, Slawomir "]
[Black "Golek-schild, Jagoda "]
[Result "1/2-1/2"]
[WhiteTitle ""]
[BlackTitle ""]
[WhiteElo "1872"]
[BlackElo "2033"]

1. e4 c5 2. Nf3 a6 3. d4 cxd4 4. Nxd4 Nf6 5. Nc3 e5 6. Nb3 Bb4 7. Bd3 Qc7 8. Bd2
d6 9. O-O O-O 10. a3 Bxc3 11. Bxc3 Nc6 12. Kh1 Qe7 13. Na5 Be6 14. Qe2 Rac8 15.
Rae1 Rfe8 16. Nxc6 Rxc6 17. f4 exf4 18. Rxf4 Nd7 19. Qh5 g6 20. Qh6 Ne5 21. Ref1
Rf8 22. Bd4 f6 23. Qh4 g5 24. Qg3 Qg7 25. R4f2 Rc7 26. h3 Rcf7 1/2-1/2

[Event "XXVI Miedzynarodowy Festiwal Szachowy w Poznaniu - OPEN A"]
[Site "Poznan"]
[Date "2018-08-22"]
[Round "5.14"]
[White "Poltorak, Sebastian"]
[Black "Bednarska-bzdega, Malgorzata "]
[Result "1/2-1/2"]
[WhiteTitle ""]
[BlackTitle ""]
[WhiteElo "1854"]
[BlackElo "1984"]

1. d4 Nf6 2. c4 e6 3. Nc3 Bb4 4. Qc2 c5 5. dxc5 O-O 6. Nf3 Na6 7. Bf4 Qa5 8. Bd2
Qxc5 9. e3 d5 10. cxd5 Nxd5 11. Bd3 h6 12. e4 Nxc3 13. bxc3 Ba5 14. Rb1 Qc7 15.
O-O Nc5 16. e5 Bd7 17. Bb5 Bxb5 18. Rxb5 a6 19. Rbb1 b5 20. c4 Bxd2 21. Nxd2 Nd7
22. Qe4 Qxe5 23. Qxe5 Nxe5 24. cxb5 axb5 25. Rxb5 Rxa2 26. Ne4 Nc6 27. h3 Rb8
28. Rxb8+ Nxb8 29. Rb1 Nc6 30. Nd6 Rd2 31. Ne4 Rd4 32. f3 Ne5 33. Kf2 f5 34. Nc5
Rd6 35. f4 Nd3+ 36. Nxd3 Rxd3 37. Rb7 Rd4 38. Kf3 Kh7 39. Re7 Rd3+ 40. Ke2 Rd6
41. Ke3 Kg6 42. Ra7 Kf6 43. g3 g5 44. Rh7 Kg6 45. Re7 Kf6 46. Rh7 Kg6 47. Re7
gxf4+ 48. gxf4 Ra6 49. Kf3 Ra3+ 50. Kg2 Re3 51. Re8 Kh5 52. Rh8 e5 53. fxe5 Rxe5
54. Kf3 Re4 55. Rf8 Kg5 56. Rg8+ Kf6 57. Rh8 Kg7 58. Ra8 h5 59. Ra6 Kf7 60. Rh6
h4 61. Ra6 Re6 62. Ra4 1/2-1/2

[Event "XXVI Miedzynarodowy Festiwal Szachowy w Poznaniu - OPEN A"]
[Site "Poznan"]
[Date "2018-08-22"]
[Round "5.15"]
[White "Kacprzak, Karol"]
[Black "Michalski, Karol "]
[Result "1-0"]
[WhiteTitle ""]
[BlackTitle ""]
[WhiteElo "1799"]
[BlackElo "1983"]

1. e4 g6 2. d4 Bg7 3. Nf3 c6 4. Nc3 d6 5. Be3 b5 6. a3 a6 7. Be2 Nd7 8. h3 Bb7
9. O-O Rc8 10. Qd2 c5 11. d5 Ngf6 12. Bd3 c4 13. Be2 Nc5 14. Bxc5 Rxc5 15. b4
cxb3 16. cxb3 O-O 17. Rac1 Qa8 18. b4 Rc7 19. Bd3 Rfc8 20. Ne2 Nd7 21. Rxc7 Rxc7
22. Rc1 Qc8 23. Rxc7 Qxc7 24. Nfd4 Nb6 25. Qc2 Qxc2 26. Nxc2 e6 27. dxe6 fxe6
28. f3 Bb2 29. Kf2 Nc4 30. Bxc4 bxc4 31. Ke3 Kf7 32. a4 Bc6 33. a5 Ba4 34. Kd2
Ke7 35. Nc3 Bxc3+ 36. Kxc3 Bxc2 37. Kxc2 Kd7 38. Kc3 d5 39. exd5 exd5 40. f4 h5
41. g4 hxg4 42. hxg4 Kd6 43. f5 gxf5 44. gxf5 Ke5 45. f6 Kxf6 46. b5 axb5 47.
a6 Ke5 48. a7 d4+ 49. Kd2 Kd6 50. a8=Q Kc5 51. Qa3+ Kc6 52. Qb4 d3 53. Kc3 Kb6
54. Qd6+ Ka5 55. Qc5 d2 56. Kxd2 1-0

[Event "XXVI Miedzynarodowy Festiwal Szachowy w Poznaniu - OPEN A"]
[Site "Poznan"]
[Date "2018-08-22"]
[Round "5.16"]
[White "Janicki, Rafal "]
[Black "Leskiewicz, Ignacy "]
[Result "1/2-1/2"]
[WhiteTitle ""]
[BlackTitle ""]
[WhiteElo "1800"]
[BlackElo "1964"]

1. e4 c5 2. Nf3 d6 3. d4 cxd4 4. Qxd4 Nc6 5. Bb5 Bd7 6. Bxc6 Bxc6 7. c4 Nf6 8.
Nc3 e6 9. O-O Be7 10. b3 O-O 11. Bb2 a6 12. Qd3 Qc7 13. Nd4 Rfd8 14. Qg3 Bf8 15.
Rfe1 Rac8 16. Rad1 Kh8 17. Rd3 d5 18. Qxc7 Rxc7 19. Nxc6 bxc6 20. cxd5 cxd5 21.
exd5 Nxd5 22. Nxd5 exd5 23. Bd4 Rcd7 24. Red1 f6 25. a4 Kg8 26. Kf1 Bb4 27. Bb6
Re8 28. Be3 Red8 29. Bb6 Re8 30. Be3 Re5 31. Bd4 Re6 32. Be3 Re5 33. Bd4 Re8 34.
Be3 Re5 35. Bd4 Re6 36. Be3 Re5 1/2-1/2

[Event "XXVI Miedzynarodowy Festiwal Szachowy w Poznaniu - OPEN A"]
[Site "Poznan"]
[Date "2018-08-22"]
[Round "5.17"]
[White "Szymanski, Zbigniew"]
[Black "Sobczak, Miroslaw"]
[Result "0-1"]
[WhiteTitle ""]
[BlackTitle ""]
[WhiteElo "1804"]
[BlackElo "1955"]

1. d4 Nf6 2. Nf3 e6 3. c4 Bb4+ 4. Bd2 Be7 5. Nc3 b6 6. e4 d5 7. cxd5 exd5 8. e5
Ne4 9. Bb5+ c6 10. Bd3 Nxc3 11. Bxc3 Bg4 12. h3 Bh5 13. Qe2 O-O 14. O-O c5 15.
Rad1 c4 16. Bf5 Kh8 17. g4 Bg6 18. Bxg6 fxg6 19. b3 b5 20. bxc4 bxc4 21. Ne1 a5
22. f4 Bb4 23. Qd2 Nc6 24. Ng2 Rb8 25. f5 gxf5 26. gxf5 Bxc3 27. Qxc3 Nb4 28.
Qg3 Nd3 29. Nh4 Qb6 30. Qe3 Qd8 31. Qg3 Qb6 32. Qe3 Rbe8 33. e6 Qd8 34. Qg3 Qf6
35. Qg4 Qh6 36. Rf3 g5 37. fxg6 Rxf3 38. Qxf3 Qxh4 39. g7+ Kxg7 40. Qf7+ Kh6 41.
Rxd3 Qe1+ 42. Kh2 Qe2+ 43. Kh1 Qxe6 44. Qf4+ Kg7 45. Rg3+ Kh8 46. Qc7 Qe7 47.
Qxa5 Qe4+ 48. Kh2 Qxd4 49. Qb5 Re2+ 50. Rg2 Qf4+ 51. Kg1 Re1# 0-1

[Event "XXVI Miedzynarodowy Festiwal Szachowy w Poznaniu - OPEN A"]
[Site "Poznan"]
[Date "2018-08-22"]
[Round "5.18"]
[White "Wloch, Mikolaj "]
[Black "Szuminski, Marek "]
[Result "1/2-1/2"]
[WhiteTitle ""]
[BlackTitle ""]
[WhiteElo "1772"]
[BlackElo "1942"]

1. e4 c5 2. Nf3 d6 3. d4 cxd4 4. Nxd4 Nf6 5. Nc3 a6 6. Be2 e5 7. Nb3 Be6 8. Be3
Nbd7 9. O-O Be7 10. h3 Rc8 11. Qd2 O-O 12. f4 b5 13. Bf3 Nb6 14. Na5 Qc7 15. f5
Bd7 16. Rac1 Nc4 17. Nxc4 Qxc4 18. Qd3 Qxd3 19. cxd3 Bc6 20. a3 a5 21. b4 axb4
22. axb4 Bd7 23. g4 h6 24. Bd2 Bd8 1/2-1/2

[Event "XXVI Miedzynarodowy Festiwal Szachowy w Poznaniu - OPEN A"]
[Site "Poznan"]
[Date "2018-08-22"]
[Round "5.19"]
[White "Nadstoga, Wojciech "]
[Black "Szczepaniak, Artur "]
[Result "1-0"]
[WhiteTitle ""]
[BlackTitle ""]
[WhiteElo "1928"]
[BlackElo "1677"]

1. Nf3 Nf6 2. g3 g6 3. Bg2 Bg7 4. O-O O-O 5. d3 d5 6. Nbd2 c6 7. e4 dxe4 8. dxe4
Nbd7 9. Qe2 e5 10. b3 Re8 11. a4 Nc5 12. Ba3 Ne6 13. c3 Nd7 14. Nc4 Nec5 15. Qc2
b5 16. axb5 cxb5 17. Nd6 Re6 18. Rfd1 Qb6 19. Nxc8 Rxc8 20. b4 Na4 21. Rxd7 Rxc3
22. Qd1 Rec6 23. Bc1 Rc8 24. Be3 Qc6 25. Rd8+ Bf8 26. Nxe5 Qf6 27. Rxc8 Rxc8 28.
Nd7 Qb2 29. Bd4 Nc3 30. Nf6+ Kg7 31. Nd5+ Kh6 32. Nxc3 Rxc3 33. Bxc3 Qxc3 34.
Qc1+ 1-0

[Event "XXVI Miedzynarodowy Festiwal Szachowy w Poznaniu - OPEN A"]
[Site "Poznan"]
[Date "2018-08-22"]
[Round "5.20"]
[White "Chaczynski, Kamil"]
[Black "Niedbala, Wojciech "]
[Result "0-1"]
[WhiteTitle ""]
[BlackTitle ""]
[WhiteElo "1760"]
[BlackElo "1914"]

1. e4 e6 2. d4 d5 3. Nc3 dxe4 4. Nxe4 Bd7 5. Nf3 Bc6 6. Bd3 Nd7 7. O-O Ngf6 8.
Qe2 Be7 9. Re1 O-O 10. Bd2 Bxe4 11. Bxe4 Nxe4 12. Qxe4 c6 13. c4 Nf6 14. Qe2 Re8
15. Rad1 Qb6 16. Bf4 Rad8 17. c5 Qb5 18. Qxb5 cxb5 19. Bc7 Rd5 20. Re5 Rc8 21.
Rxd5 Nxd5 22. Bg3 b6 23. cxb6 Nxb6 24. Ne1 Na4 25. Rb1 h5 26. Kf1 Kf8 27. Ke2
Nb6 28. Nd3 Nd5 29. Rc1 Rxc1 30. Nxc1 Ke8 31. Nd3 f6 32. h3 Kd7 33. Nf4 Nxf4+
34. Bxf4 g5 35. Bd2 Kc6 36. b4 Kd5 37. Kd3 Bd6 38. g4 hxg4 39. hxg4 Bh2 40. f3
Bg1 41. Bc3 Bf2 42. a3 Bg3 43. Bd2 Bh2 44. Be3 Bd6 45. Bd2 Bc7 46. Bc3 Bf4 47.
Bb2 f5 48. Bc3 Bc1 49. gxf5 exf5 50. Be1 Bxa3 51. Bd2 g4 52. fxg4 fxg4 53. Be1
Bc1 54. Bg3 Bg5 55. Kc3 Bf6 56. Bf2 Ke4 57. Bg1 g3 0-1

[Event "XXVI Miedzynarodowy Festiwal Szachowy w Poznaniu - OPEN A"]
[Site "Poznan"]
[Date "2018-08-22"]
[Round "5.21"]
[White "Norov, Artem "]
[Black "Zurawski, Kamil"]
[Result "1-0"]
[WhiteTitle ""]
[BlackTitle ""]
[WhiteElo "1905"]
[BlackElo "1690"]

1. Nf3 e6 2. c4 f5 3. Nc3 Nf6 4. d3 Bb4 5. Qb3 Nc6 6. a3 Bxc3+ 7. Qxc3 O-O 8. b4
b6 9. g3 Bb7 10. Bg2 d5 11. O-O dxc4 12. Qxc4 Qd5 13. Qc3 Nd8 14. Qxc7 Rc8 15.
Qe5 Qc6 16. Ne1 Nd5 17. Bb2 Qc7 18. Nf3 Qxe5 19. Bxe5 Nf7 20. Bd4 Rc2 21. Rfc1
Rfc8 22. Rxc2 Rxc2 23. Kf1 Nd6 24. Be5 Nf7 25. Ne1 Rc8 26. Bb2 Nd6 27. Rc1 Rxc1
28. Bxc1 Nc3 29. Bxb7 Nxb7 30. Bb2 Nd5 31. Nf3 h6 32. Nd4 Kf7 33. Nc6 a5 34. bxa5
bxa5 35. Be5 a4 36. Ke1 Nf6 37. Bxf6 Kxf6 38. Kd2 e5 39. Kc3 Ke6 40. Kb4 Kd6 41.
Na5 Nd8 42. Nc4+ Kd5 43. Ne3+ Ke6 44. Kxa4 Nc6 45. Nc2 g5 46. Kb5 Kd6 47. Kb6
Nb8 48. a4 Nd7+ 49. Kb5 f4 50. a5 Kc7 51. Nb4 fxg3 52. fxg3 Nf6 53. a6 Kb8 54.
Nc6+ Ka8 55. Nxe5 Nd5 56. e4 Ne3 57. Nf7 Ng4 58. e5 Nxh2 59. Nxh6 Nf3 60. Nf7
Nd4+ 61. Kb6 Ne6 62. Nd6 g4 63. Nb5 1-0

[Event "XXVI Miedzynarodowy Festiwal Szachowy w Poznaniu - OPEN A"]
[Site "Poznan"]
[Date "2018-08-22"]
[Round "5.22"]
[White "Hoffmann, Piotr"]
[Black "Simon, Marek "]
[Result "1-0"]
[WhiteTitle ""]
[BlackTitle ""]
[WhiteElo "1649"]
[BlackElo "1902"]

1. e4 c6 2. Nf3 d5 3. exd5 cxd5 4. Ne5 Nc6 5. Bb5 Bd7 6. Nxd7 Qxd7 7. d4 a6 8.
Be2 e6 9. O-O Bd6 10. Bg5 Nge7 11. Bh4 Nf5 12. Bg3 Ncxd4 13. Bd3 Nxg3 14. hxg3
Nc6 15. Re1 O-O 16. c3 b5 17. Nd2 e5 18. g4 Bc5 19. Nb3 Qa7 20. Nxc5 Qxc5 21.
Re3 e4 22. Bc2 f5 23. b4 Qd6 24. gxf5 Rad8 25. Qh5 Rf6 26. Rh3 Rh6 27. Qg4 Rxh3
28. Qxh3 Qe5 29. Rd1 Kh8 30. Bb3 Ne7 31. g4 Rc8 32. Rd4 h6 33. Qe3 Qc7 34. f6
gxf6 35. Qxh6+ Kg8 36. Rxd5 Nxd5 37. Bxd5+ Qf7 38. Qg6+ 1-0

[Event "XXVI Miedzynarodowy Festiwal Szachowy w Poznaniu - OPEN A"]
[Site "Poznan"]
[Date "2018-08-22"]
[Round "5.23"]
[White "Kozlowska, Marzena "]
[Black "Szafranski, Piotr"]
[Result "1-0"]
[WhiteTitle ""]
[BlackTitle ""]
[WhiteElo "1901"]
[BlackElo "1670"]

1. e4 c5 2. Nf3 d6 3. d4 cxd4 4. Nxd4 Nf6 5. Nc3 a6 6. Be2 e5 7. Nb3 Be6 8. Be3
Be7 9. a4 O-O 10. O-O Nbd7 11. Qd2 Nc5 12. Nxc5 dxc5 13. f3 Qc7 14. a5 Rad8 15.
Qe1 Nd7 16. Qf2 f5 17. exf5 Rxf5 18. Rfd1 Rdf8 19. Qe1 Nb8 20. Bd3 Rh5 21. Be4
Nc6 22. Nd5 Bxd5 23. Rxd5 Nd4 24. Rd1 Bg5 25. c3 Ne6 26. Rd7 Qxa5 27. Bd5 Re8
28. Bxg5 Rxg5 29. Bxe6+ Rxe6 30. Rd8+ Kf7 31. Qh4 Kg6 32. Qe4+ Kh6 33. Qe3 Kh5
34. f4 Rf5 35. Qh3+ Kg6 36. Qg4+ Kf6 37. Rf8+ Ke7 38. Qxg7+ 1-0

[Event "XXVI Miedzynarodowy Festiwal Szachowy w Poznaniu - OPEN A"]
[Site "Poznan"]
[Date "2018-08-22"]
[Round "5.24"]
[White "Duszczak, Dariusz"]
[Black "Zurawski, Mateusz"]
[Result "1-0"]
[WhiteTitle ""]
[BlackTitle ""]
[WhiteElo "1845"]
[BlackElo "1492"]

1. e4 e6 2. d4 d5 3. Nd2 Nf6 4. e5 Nfd7 5. f4 c5 6. c3 Nc6 7. Ndf3 Be7 8. Bd3 O-O
9. Ne2 a6 10. O-O b5 11. Kh1 b4 12. Qe1 a5 13. Qg3 bxc3 14. bxc3 cxd4 15. cxd4
Nb4 16. Bb1 Ba6 17. Nfg1 Rc8 18. f5 exf5 19. Bh6 g6 20. Bxf8 Kxf8 21. Qh3 h5 22.
Bxf5 gxf5 23. Qxh5 f6 24. e6 Kg7 25. exd7 1-0

[Event "XXVI Miedzynarodowy Festiwal Szachowy w Poznaniu - OPEN A"]
[Site "Poznan"]
[Date "2018-08-22"]
[Round "5.25"]
[White "Kugler, Pawel"]
[Black "Glatty, Zbigniew "]
[Result "0-1"]
[WhiteTitle ""]
[BlackTitle ""]
[WhiteElo "1561"]
[BlackElo "1828"]

1. b3 Nf6 2. Bb2 e6 3. e3 d5 4. c4 c5 5. cxd5 exd5 6. Qc2 Be6 7. d3 Be7 8. Nd2
O-O 9. Ngf3 Nc6 10. a3 Rc8 11. Rc1 Nd7 12. Be2 b5 13. O-O Qb6 14. Qb1 Bf5 15.
Qa1 Bf6 16. Rfd1 Rfe8 17. Bf1 h6 18. e4 Bxb2 19. Qxb2 Be6 20. b4 a6 21. exd5 Bxd5
22. Ne4 Bxe4 23. dxe4 Rc7 24. Bd3 Nce5 25. Nxe5 Nxe5 26. Bb1 c4 27. Qc3 Rce7 28.
Re1 Re6 29. Kf1 Ng4 30. Qg3 Nxf2 31. e5 Nd3 32. Bxd3 cxd3 33. Qxd3 f6 34. Qd5
Kh8 35. Qd7 fxe5 36. Rc7 Rf8+ 37. Ke2 Rf2+ 38. Kd1 Rd6+ 0-1